| 000 | 00793nam a22002297a 4500 | ||
|---|---|---|---|
| 999 |
_c13146 _d13146 |
||
| 003 | AR-CdUCM | ||
| 008 | 190411b ||||| |||| 00| 0 spa d | ||
| 040 |
_aMUNICIPALIDAD PROVINCIAL DEL CUSCO _cBIBLIOTECA MUNICIPAL DEL CUSCO |
||
| 082 |
_aES / 373.869 / _bV34 |
||
| 100 |
_aVásquez Chire, Yuri José Carlos _931362 |
||
| 245 |
_aAntologia del 3ro. Concurso Nacional de cuento '93 : _bOrganizado por la municipalidad distrital de Paucarpata Arequipa - Perú / |
||
| 260 |
_aArequipa : _bTalleres de egrentus, _c1994. |
||
| 300 |
_a79 paginas ; _c20 cm. |
||
| 500 | _aCuentos | ||
| 650 |
_aCuentos _9217 |
||
| 650 |
_aLiteraturas _95938 |
||
| 650 |
_aHistoria _9136 |
||
| 650 |
_aPerú _935 |
||
| 700 |
_aCaceres Cuadros, Tito _916036 |
||
| 942 |
_2ddc _cLIBROS |
||
| 945 |
_apjha _d2019-04-11 |
||